书目信息 |
| 题名: |
福彩三国
|
|
| 作者: | 孟超 , 安保新 主编 ;河南省福利彩票发行中心 编 | |
| 分册: | ||
| 出版信息: | 北京 中国原子能出版社 2016 |
|
| 页数: | 280页 | |
| 开本: | 29cm | |
| 丛书名: | ||
| 单 册: | ||
| 中图分类: | F726.952 | |
| 科图分类: | ||
| 主题词: | 社会福利--彩票--基本知识--中国 | |
| 电子资源: | ||
| ISBN: | 978-7-5022-7736-9 | |
| 000 | 01085nam0 2200253 450 | |
| 001 | 012001001371 | |
| 005 | 20140921103355.0 | |
| 010 | @a978-7-5022-7736-9@dCNY98.00 | |
| 100 | @a20171018d2016 em y0chiy50 ea | |
| 101 | 0 | @achi |
| 102 | @aCN@b110000 | |
| 105 | @aa z 000yy | |
| 106 | @ar | |
| 200 | 1 | @a福彩三国@9fu cai san guo@f河南省福利彩票发行中心编 |
| 210 | @a北京@c中国原子能出版社@d2016@h2017印 | |
| 215 | @a280页@c图@d29cm | |
| 330 | @a本书以打造福彩文化为目的,从扩大福彩影响、助力福彩发展的角度出发,把福利彩票与《三国演义》中的经典故事融合在一起,形成了128幅诙谐幽默、夸张变形、对白精简、妙趣横生的四格漫画。漫画采用相声“抖包袱”的手法,前三格尊重原著,第四格把读者在历史的长河中突然拉回到现实生活,翻来令人忍俊不禁,欲罢不能。 | |
| 606 | 0 | @a社会福利@x彩票@x基本知识@y中国 |
| 690 | @aF726.952@v5 | |
| 701 | 0 | @a孟超@9meng chao@c(民政工作)@4主编 |
| 701 | 0 | @a安保新@9an bao xin@f(1960-)@4主编 |
| 712 | 02 | @a河南省福利彩票发行中心@9he nan sheng fu li cai piao fa xing zhong xin@4编 |
| 801 | 0 | @aCN@b上海新华@c20180901 |
| 905 | @b1043557-60@dF726.952@e105@f4 | |
| 福彩三国/河南省福利彩票发行中心编.-北京:中国原子能出版社,2016(2017印) |
| 280页:图;29cm |
| ISBN 978-7-5022-7736-9:CNY98.00 |
| 本书以打造福彩文化为目的,从扩大福彩影响、助力福彩发展的角度出发,把福利彩票与《三国演义》中的经典故事融合在一起,形成了128幅诙谐幽默、夸张变形、对白精简、妙趣横生的四格漫画。漫画采用相声“抖包袱”的手法,前三格尊重原著,第四格把读者在历史的长河中突然拉回到现实生活,翻来令人忍俊不禁,欲罢不能。 |
| ● |
| 相关链接 |
|
|
|
|
正题名:福彩三国
索取号:F726.952/105
 
预约/预借
| 序号 | 登录号 | 条形码 | 馆藏地/架位号 | 状态 | 备注 |
| 1 | 1043557 | 210435572 | 第一样本阅览室/ [索取号:F726.952/105] | 在馆 | |
| 2 | 1043558 | 210435581 | 密集书库-海洋学院/ [索取号:F726.952/105] | 在馆 | |
| 3 | 1043559 | 210435590 | 第一借阅区/ [索取号:F726.952/105] | 在馆 | |
| 4 | 1043560 | 210435607 | 第一借阅区/ [索取号:F726.952/105] | 在馆 |